Statistics for World History for Dummies #3

Click here to take the quiz!

General Stats

  • This quiz has been taken 118 times
  • The average score is 11 of 15

Answer Stats

HintAnswer% Correct
What year did WWI start?1914
96%
Along with Hiroshima, Japan, which Japanese city was hit by an atomic bomb in 1945?Nagasaki
89%
What was the name of the Ukrainian nuclear power plant that was the site of a nuclear disaster in April 1986?Chernobyl
83%
During World War II, Allied troops stormed the beaches of Normandy. Which country is Normandy in?France
81%
In which country was the Battle of Hastings in 1066 fought?England
80%
During which war was a Christmas Truce called?wwi
76%
What was the name of the ancient trade route that connected the East with the West?The Silk Road
72%
Which series of wars saw European Christians invading the middle east to take the Holy Land?The Crusades
70%
How old was King Tutankhamun when he died?19
69%
what year was the queen elizabeth II of england crowned?1953
68%
Which country hosted the 2016 Olympics?Brazil
67%
By the king of which country was the Magna Carta published?England
61%
what was the name of the first satellite in space?Sputnik
60%
Between which two countries was the Hundred Years War fought?France and England
57%
Who was the king of France during the French Revolution?Louis XVI
40%

Score Distribution

Percentile by Number Answered

Percent of People with Each Score

Your Score History

You have not taken this quiz